000 00304nam a2200145Ia 4500
100 _aGoyal/ S.C./ Mahaley/A.K.
490 _v2
942 _cBK
654 _aElectronics 2
245 _aElectronics 2
260 _bTech. Publications
_aPune
_c1997
300 _a328
546 _aENGLISH
999 _c24738
_d24738